| 000 | 01148nac a22002531u 4500 | ||
|---|---|---|---|
| 010 | _a 2004059084 | ||
| 020 | _a0471694665 (hc. : alk. paper) | ||
| 082 | 0 | 0 |
_a005.43 _bS5824 |
| 090 |
_c5031 _d5031 |
||
| 100 | _aSilberschatz, Abraham. | ||
| 245 | 1 | 0 |
_aOperating system concepts / _cAbraham Silberschatz, Peter Baer Galvin, Greg Gagne. |
| 250 | _a7th ed. | ||
| 260 |
_aHoboken, NJ : _bJ. Wiley & Sons,c2005. _cc2005. |
||
| 300 |
_axxii, 921 p. : _bill. ; _c27 cm. |
||
| 504 | _aIncludes bibliographical references (p. 855-884) and index. | ||
| 650 | 0 | _aOperating systems (Computers) | |
| 700 | 1 | _aGalvin, Peter B. | |
| 700 | 1 | _aGagne, Greg. | |
| 856 | 4 | 1 |
_3Table of contents only _uhttp://www.loc.gov/catdir/toc/wiley051/2004059084.html |
| 856 | 4 | 1 |
_3Contributor biographical information _uhttp://www.loc.gov/catdir/enhancements/fy0618/2004059084-b.html |
| 856 | 4 | 1 |
_3Publisher description _uhttp://www.loc.gov/catdir/enhancements/fy0618/2004059084-d.html |
| 942 |
_cTB _k005.43S5824 |
||
| 999 |
_c5031 _d5031 |
||